[Event "Malakhatko Memorial op"]
[Site "Chess.com INT"]
[Date "2023.06.14"]
[Round "9"]
[White "Rudak, Vladimir"]
[Black "Dovzik, Juri"]
[Result "0-1"]
[WhiteElo "2288"]
[BlackElo "2257"]
[PlyCount "80"]
[EventDate "2023.06.14"]
[EventType "swiss (blitz)"]
[EventRounds "11"]
[EventCountry "USA"]
[SourceTitle "CBM 214 Extra"]
[Source "ChessBase"]
[SourceDate "2023.07.31"]
[SourceVersion "1"]
[SourceVersionDate "2023.07.31"]
[SourceQuality "1"]

1. e4 c5 2. Nf3 e6 3. d4 cxd4 4. Nxd4 Nc6 5. Nc3 Nf6 6. Ndb5 Bb4 7. a3 Bxc3+ 8. Nxc3 d5 9. exd5 exd5 10. Bd3 0-0 11. 0-0 d4 12. Ne2 Bg4 13. f3 Bh5 14. Nf4 Bg6 15. Nxg6 hxg6 16. Bg5 Qd6 17. Qd2 Ne5 18. Rfe1 Nxd3 19. Qxd3 Qb6 20. b4 a5 21. b5 a4 22. Rad1 Rac8 23. Qxd4 Qxb5 24. Bxf6 gxf6 25. Qxf6 Rxc2 26. h4 Qc5+ 27. Kh1 Qxa3 28. h5 Qc3 29. Qxc3 Rxc3 30. hxg6 fxg6 31. Re7 Rf7 32. Rxf7 Kxf7 33. Rd7+ Kf6 34. Rxb7 a3 35. Ra7 g5 36. Kh2 Kf5 37. Kg3 Rb3 38. Ra5+ Kf6 39. Kg4 Rb4+ 40. Kh5 Rh4# 0-1

[Event "Malakhatko Memorial op"]
[Site "Chess.com INT"]
[Date "2023.06.14"]
[Round "4"]
[White "Rudak, Vladimir"]
[Black "Ivanytska, Liudmyla"]
[Result "1-0"]
[WhiteElo "2288"]
[BlackElo "1845"]
[PlyCount "167"]
[EventDate "2023.06.14"]
[EventType "swiss (blitz)"]
[EventRounds "11"]
[EventCountry "USA"]
[SourceTitle "CBM 214 Extra"]
[Source "ChessBase"]
[SourceDate "2023.07.31"]
[SourceVersion "1"]
[SourceVersionDate "2023.07.31"]
[SourceQuality "1"]

1. e4 c5 2. Nf3 d6 3. d4 cxd4 4. Nxd4 g6 5. Nc3 Bg7 6. Nb3 Nc6 7. g3 Nf6 8. Bg2 0-0 9. 0-0 Be6 10. Nd5 a5 11. a4 Nb4 12. c3 Nbxd5 13. exd5 Bd7 14. Re1 b5 15. axb5 Bxb5 16. Nd4 Bd7 17. Bg5 h6 18. Be3 Ng4 19. Bc1 Ne5 20. h3 Re8 21. Kh2 Qb6 22. f4 Nc4 23. b3 Bxd4 24. cxd4 Rac8 25. bxc4 Rxc4 26. Be3 h5 27. Rb1 Qa7 28. Be4 a4 29. f5 gxf5 30. Bd3 Rc3 31. Qe2 Kg7 32. Bd2 Ra3 33. Rf1 Qxd4 34. Bxf5 Ra2 35. Rbd1 Bxf5 36. Rxf5 f6 37. Qf2 Qxf2+ 38. Rxf2 Kf7 39. Kg2 Rc8 40. Be3 Ra3 41. Re2 Rb3 42. Rdd2 a3 43. Ra2 Rd3 44. Kf2 Rcc3 45. Rad2 a2 46. Rxa2 Rxd5 47. Rad2 Rf5+ 48. Kg2 d5 49. Bf2 e6 50. Re3 Rc1 51. Rf3 Re5 52. Bd4 Ree1 53. Rxf6+ Ke7 54. Rh6 e5 55. Bf2 Red1 56. Rxd1 Rxd1 57. Rxh5 Ke6 58. Rh6+ Kf5 59. Ra6 d4 60. Ra5 Ke4 61. h4 Rb1 62. h5 d3 63. Ra4+ Kf5 64. Be3 Re1 65. Kf3 Rh1 66. g4+ Ke6 67. Ke4 Rd1 68. Ra6+ Kf7 69. Kxe5 Re1 70. Ra7+ Kg8 71. Kf4 Rf1+ 72. Ke4 Rd1 73. g5 d2 74. Rd7 Rh1 75. Rxd2 Rxh5 76. Kf5 Rh3 77. Bf4 Ra3 78. Rd8+ Kg7 79. Rd7+ Kg8 80. Be5 Ra8 81. Bf6 Ra5+ 82. Kg6 Ra8 83. Rg7+ Kf8 84. Rh7 1-0

[Event "Malakhatko Memorial op"]
[Site "Chess.com INT"]
[Date "2023.06.14"]
[Round "6"]
[White "Rudak, Vladimir"]
[Black "Lauda, Alexandr"]
[Result "0-1"]
[WhiteElo "2288"]
[BlackElo "2078"]
[PlyCount "148"]
[EventDate "2023.06.14"]
[EventType "swiss (blitz)"]
[EventRounds "11"]
[EventCountry "USA"]
[SourceTitle "CBM 214 Extra"]
[Source "ChessBase"]
[SourceDate "2023.07.31"]
[SourceVersion "1"]
[SourceVersionDate "2023.07.31"]
[SourceQuality "1"]

1. e4 c5 2. Nf3 Nc6 3. d4 cxd4 4. Nxd4 e5 5. Nxc6 bxc6 6. Nc3 Nf6 7. f4 exf4 8. Bxf4 Bb4 9. Bd3 Qb6 10. Qf3 Ba5 11. Bd2 Qxb2 12. Rb1 Qa3 13. Rb3 Qe7 14. 0-0 Bb6+ 15. Kh1 0-0 16. Bg5 Bd4 17. Ne2 Be5 18. Ng3 d6 19. Nh5 Be6 20. Nxf6+ Bxf6 21. Bxf6 Qxf6 22. Qxf6 gxf6 23. Ra3 Kg7 24. Ra6 Bd7 25. Rb1 Rfb8 26. Rb3 Be6 27. Rxb8 Rxb8 28. h3 Rb2 29. a4 c5 30. Bb5 Rxc2 31. Rxd6 Rc1+ 32. Kh2 c4 33. Ra6 c3 34. Rxa7 c2 35. Rc7 Bb3 36. Bd3 Bxa4 37. Rc4 Bb3 38. Rc3 Ba4 39. Rc4 Re1 40. Bxc2 Bxc2 41. Rxc2 Rxe4 42. Rf2 Kg6 43. Kg3 f5 44. Rf3 Kf6 45. Ra3 Kg5 46. Rf3 f4+ 47. Kh2 Re2 48. Ra3 f6 49. Kg1 h5 50. Kf1 Rb2 51. Kg1 h4 52. Ra5+ f5 53. Ra8 f3 54. Rg8+ Kf4 55. gxf3 Kxf3 56. Rg7 Re2 57. Rg5 Re1+ 58. Kh2 Re5 59. Rg8 f4 60. Rg4 Re2+ 61. Kg1 Ke3 62. Rg8 f3 63. Re8+ Kd3 64. Rf8 Rg2+ 65. Kh1 Rg3 66. Kh2 Ke2 67. Re8+ Kf2 68. Ra8 Rg2+ 69. Kh1 Rg1+ 70. Kh2 Re1 71. Rf8 Re2 72. Rg8 Ke1+ 73. Kh1 f2 74. Ra8 f1Q# 0-1

[Event "Odesa Chess Day Blitz"]
[Site "Chess.com INT"]
[Date "2022.07.20"]
[Round "1"]
[White "Altman, Vladyslav"]
[Black "Rudak, Vladimir"]
[Result "0-1"]
[WhiteElo "1398"]
[BlackElo "2288"]
[PlyCount "64"]
[EventDate "2022.07.20"]
[EventType "swiss (blitz)"]
[EventRounds "9"]
[EventCountry "UKR"]
[SourceTitle "CBM 209 Extra"]
[Source "ChessBase"]
[SourceDate "2022.09.30"]
[SourceVersion "1"]
[SourceVersionDate "2022.09.30"]
[SourceQuality "1"]

1. d4 d5 2. Nf3 Nf6 3. Bg5 Ne4 4. Bf4 c5 5. c3 Nc6 6. e3 Bf5 7. Bd3 e6 8. h3 Be7 9. g4 Bg6 10. Ne5 Nxe5 11. Bxe5 0-0 12. Qc2 c4 13. Be2 Ng3 14. Qd2 Nxh1 15. Na3 Bh4 16. 0-0-0 Nxf2 17. Rf1 Nd3+ 18. Bxd3 Bxd3 19. Rf3 a6 20. Nc2 Bxc2 21. Qxc2 b5 22. a4 Qa5 23. e4 Qxa4 24. Qxa4 bxa4 25. exd5 exd5 26. Kb1 f6 27. Bd6 Rfe8 28. Ka2 Re2 29. Ka3 Rae8 30. Kxa4 Rxb2 31. Ka5 Be1 32. Kxa6 Ra8# 0-1

[Event "Odesa Chess Day Blitz"]
[Site "Chess.com INT"]
[Date "2022.07.20"]
[Round "3"]
[White "Franchuk, Serhiy"]
[Black "Rudak, Vladimir"]
[Result "1-0"]
[WhiteElo "2026"]
[BlackElo "2288"]
[PlyCount "125"]
[EventDate "2022.07.20"]
[EventType "swiss (blitz)"]
[EventRounds "9"]
[EventCountry "UKR"]
[SourceTitle "CBM 209 Extra"]
[Source "ChessBase"]
[SourceDate "2022.09.30"]
[SourceVersion "1"]
[SourceVersionDate "2022.09.30"]
[SourceQuality "1"]

1. e4 e5 2. Nf3 Nc6 3. Nc3 Nf6 4. Nxe5 Nxe5 5. d4 Nc6 6. d5 Bb4 7. dxc6 Nxe4 8. cxd7+ Bxd7 9. Bd2 Nxd2 10. Qxd2 Qe7+ 11. Be2 0-0-0 12. 0-0 Bf5 13. Qf4 Bxc2 14. Rfe1 Qf6 15. Qxb4 Kb8 16. Bf3 c6 17. a4 Rd4 18. Qc5 Rhd8 19. Nb5 cxb5 20. Qxc2 b4 21. Rad1 a5 22. Rc1 Qd6 23. b3 Rd2 24. Qe4 Qb6 25. Rc2 Qxf2+ 26. Kh1 Qb6 27. Rxd2 Rxd2 28. h3 Ka7 29. Qe3 Rb2 30. Qxb6+ Kxb6 31. Re3 Kc5 32. Bxb7 g6 33. Rf3 f5 34. Ba6 Kd4 35. Bc4 Ke4 36. Rd3 h5 37. Rd5 g5 38. Rxa5 g4 39. hxg4 hxg4 40. Be6 g3 41. Bxf5+ Kf4 42. Bg6 Rxb3 43. Rf5+ Kg4 44. Rf1 Ra3 45. Be8 b3 46. Bd7+ Kh4 47. Rb1 b2 48. Bf5 Kg5 49. Bc2 Rc3 50. Rxb2 Kf4 51. Kg1 Ke3 52. Rb3 Kd2 53. Rxc3 Kxc3 54. a5 Kb4 55. a6 Kc3 56. a7 Kd2 57. a8Q Kc1 58. Qf3 Kd2 59. Qxg3 Kc1 60. Qf3 Kb2 61. g4 Kc1 62. g5 Kb2 63. g6 1-0

[Event "UKR-ch"]
[Site "Alushta"]
[Date "2009.05.19"]
[Round "9"]
[White "Stets, Vasilij"]
[Black "Rudak, Vladimir"]
[Result "1-0"]
[WhiteElo "2245"]
[BlackElo "2327"]
[PlyCount "45"]
[EventDate "2009.05.11"]
[EventType "swiss"]
[EventRounds "9"]
[EventCountry "UKR"]
[SourceTitle "CBM 130 Extra"]
[Source "ChessBase"]
[SourceDate "2009.07.02"]
[SourceVersion "2"]
[SourceVersionDate "2009.07.15"]
[SourceQuality "1"]

1. e4 e5 2. f4 exf4 3. Nf3 d6 4. Bc4 h6 5. d4 g5 6. 0-0 Bg7 7. g3 Bh3 8. Rf2 Nc6 9. c3 Nf6 10. gxf4 gxf4 11. Bxf4 Qd7 12. Nbd2 0-0-0 13. Bg3 d5 14. Bd3 dxe4 15. Nxe4 Nxe4 16. Bxe4 f5 17. Bd3 Ne7 18. Qb3 Rdf8 19. Be5 Rhg8 20. Kh1 Qc6 21. Bb5 Bg2+ 22. Kxg2 Bxe5+ 23. Kh1 1-0

[Event "UKR-ch"]
[Site "Alushta"]
[Date "2009.05.12"]
[Round "2"]
[White "Rudak, Vladimir"]
[Black "Strygin, Alexandr"]
[Result "1/2-1/2"]
[WhiteElo "2327"]
[BlackElo "2092"]
[PlyCount "55"]
[EventDate "2009.05.11"]
[EventType "swiss"]
[EventRounds "9"]
[EventCountry "UKR"]
[SourceTitle "CBM 130 Extra"]
[Source "ChessBase"]
[SourceDate "2009.07.02"]
[SourceVersion "2"]
[SourceVersionDate "2009.07.15"]
[SourceQuality "1"]

1. e4 c5 2. Nf3 Nc6 3. d4 cxd4 4. Nxd4 Nf6 5. Nc3 d6 6. Bc4 Qb6 7. Nxc6 bxc6 8. 0-0 g6 9. h3 Bg7 10. Qe2 0-0 11. a4 a5 12. Ra3 Nd7 13. Be3 Qc7 14. f4 Rb8 15. Rb3 Nb6 16. f5 Nxc4 17. Qxc4 Rxb3 18. cxb3 Qb7 19. g4 Qa6 20. Rd1 Qxc4 21. bxc4 gxf5 22. gxf5 Bxc3 23. bxc3 f6 24. c5 Rd8 25. c4 Ba6 26. Rd4 Kf7 27. Kf2 Ke8 28. cxd6 1/2-1/2

[Event "UKR-ch sf"]
[Site "Alushta"]
[Date "2006.05.21"]
[Round "9"]
[White "Rudak, Vladimir"]
[Black "Ipatov, Alexander"]
[Result "1/2-1/2"]
[WhiteElo "2342"]
[BlackElo "2115"]
[PlyCount "95"]
[EventDate "2006.05.13"]
[EventType "swiss"]
[EventRounds "9"]
[EventCountry "UKR"]
[SourceTitle "CBM 112 Extra"]
[Source "ChessBase"]
[SourceDate "2006.07.14"]
[SourceVersion "1"]
[SourceVersionDate "2006.07.14"]
[SourceQuality "1"]

1. e4 e5 2. Nf3 Nf6 3. d3 Nc6 4. Be2 g6 5. 0-0 Bg7 6. c3 0-0 7. b4 d6 8. Re1 h6 9. Bf1 Nh5 10. g3 Be6 11. Bb2 Qe8 12. b5 Na5 13. Qa4 b6 14. d4 Kh7 15. Nbd2 a6 16. Qb4 axb5 17. Bxb5 Qb8 18. a4 Rd8 19. Bf1 Bf8 20. Qb5 f6 21. Qd3 Ng7 22. Qc2 Ra7 23. Nh4 Qc8 24. f4 exf4 25. gxf4 f5 26. d5 Bf7 27. c4 c6 28. exf5 gxf5 29. Bh3 cxd5 30. Kh1 d4 31. Bxd4 Qc6+ 32. Bg2 d5 33. Rab1 Ra6 34. Bxg7 Bxg7 35. Re7 Qf6 36. Qxf5+ Kg8 37. Rxf7 Qxf7 38. Bxd5 Rxd5 39. Qxf7+ Kxf7 40. cxd5 Nb7 41. Nhf3 Nc5 42. Ne5+ Bxe5 43. fxe5 Rxa4 44. Nf3 Nd3 45. Kg1 Ra5 46. e6+ Ke7 47. d6+ Kxe6 48. Rxb6 1/2-1/2

[Event "UKR-ch sf"]
[Site "Alushta"]
[Date "2006.05.19"]
[Round "7"]
[White "Tishin, Dmitry"]
[Black "Rudak, Vladimir"]
[Result "1/2-1/2"]
[WhiteElo "2316"]
[BlackElo "2342"]
[PlyCount "47"]
[EventDate "2006.05.13"]
[EventType "swiss"]
[EventRounds "9"]
[EventCountry "UKR"]
[SourceTitle "CBM 112 Extra"]
[Source "ChessBase"]
[SourceDate "2006.07.14"]
[SourceVersion "1"]
[SourceVersionDate "2006.07.14"]
[SourceQuality "1"]

1. d4 d5 2. c4 c6 3. Nf3 Nf6 4. e3 e6 5. Nc3 Nbd7 6. Qc2 Bd6 7. Bd3 0-0 8. 0-0 dxc4 9. Bxc4 e5 10. Rd1 Qe7 11. h3 e4 12. Ng5 Nb6 13. Bb3 Bf5 14. f3 Rae8 15. Ngxe4 Nxe4 16. fxe4 Bxe4 17. Nxe4 Qxe4 18. Qxe4 Rxe4 19. Rf1 Re7 20. Bd2 Nd5 21. Rf3 Rfe8 22. Raf1 Rd7 23. g4 h6 24. Kg2 1/2-1/2

[Event "UKR-ch sf"]
[Site "Alushta"]
[Date "2006.05.18"]
[Round "6"]
[White "Kurochkin, Valery"]
[Black "Rudak, Vladimir"]
[Result "0-1"]
[WhiteElo "2078"]
[BlackElo "2342"]
[PlyCount "54"]
[EventDate "2006.05.13"]
[EventType "swiss"]
[EventRounds "9"]
[EventCountry "UKR"]
[SourceTitle "CBM 112 Extra"]
[Source "ChessBase"]
[SourceDate "2006.07.14"]
[SourceVersion "1"]
[SourceVersionDate "2006.07.14"]
[SourceQuality "1"]

1. d4 d5 2. Nf3 Nf6 3. c4 c6 4. Nc3 dxc4 5. a4 Bf5 6. e3 e6 7. Bxc4 Bb4 8. 0-0 0-0 9. Qe2 Bg4 10. h3 Bh5 11. g4 Bg6 12. Ne5 Nbd7 13. Nxg6 hxg6 14. Rd1 Qa5 15. Qc2 e5 16. d5 Nb6 17. Na2 cxd5 18. Bb5 a6 19. Nxb4 Qxb4 20. Qc7 axb5 21. Bd2 Qe4 22. Qxb6 Qf3 23. axb5 Qxh3 24. Qxb7 Nxg4 25. Be1 Nh2 26. f4 Ng4 27. Rxa8 Qh2+ 0-1

[Event "UKR-ch sf"]
[Site "Alushta"]
[Date "2006.05.16"]
[Round "4"]
[White "Rudak, Vladimir"]
[Black "Shalimov, Valery"]
[Result "0-1"]
[WhiteElo "2342"]
[BlackElo "2430"]
[PlyCount "86"]
[EventDate "2006.05.13"]
[EventType "swiss"]
[EventRounds "9"]
[EventCountry "UKR"]
[SourceTitle "CBM 112 Extra"]
[Source "ChessBase"]
[SourceDate "2006.07.14"]
[SourceVersion "1"]
[SourceVersionDate "2006.07.14"]
[SourceQuality "1"]

1. e4 c5 2. Nf3 Nc6 3. d4 cxd4 4. Nxd4 g6 5. c4 Nf6 6. Nc3 d6 7. Be2 Nxd4 8. Qxd4 Bg7 9. Bg5 0-0 10. Qd2 Bd7 11. 0-0 Bc6 12. f3 a5 13. Rac1 a4 14. Nd5 e6 15. Nb4 Qa5 16. Rfd1 Rfc8 17. a3 Nd7 18. Be7 Nc5 19. Qxd6 Nb3 20. Rb1 Be5 21. Qd3 Be8 22. Bh4 Qc7 23. h3 h5 24. Kh1 Bd4 25. Nc2 Bg7 26. Nb4 Qf4 27. Bf2 Be5 28. g3 Qf6 29. Qc2 h4 30. g4 b5 31. Be3 bxc4 32. Rf1 Bf4 33. Bxf4 Qxf4 34. Rf2 c3 35. bxc3 Qe3 36. Nd3 Bb5 37. Kg2 Rc7 38. Bf1 Rac8 39. Re1 Qb6 40. Nb4 Rxc3 41. Qb2 Bxf1+ 42. Rfxf1 Nd4 43. e5 Rc2+ 0-1

[Event "UKR-ch sf"]
[Site "Alushta"]
[Date "2006.05.14"]
[Round "2"]
[White "Rudak, Vladimir"]
[Black "Borzov, Dmitri"]
[Result "1-0"]
[WhiteElo "2342"]
[BlackElo "2181"]
[PlyCount "65"]
[EventDate "2006.05.13"]
[EventType "swiss"]
[EventRounds "9"]
[EventCountry "UKR"]
[SourceTitle "CBM 112 Extra"]
[Source "ChessBase"]
[SourceDate "2006.07.14"]
[SourceVersion "1"]
[SourceVersionDate "2006.07.14"]
[SourceQuality "1"]

1. e4 d6 2. d4 Nf6 3. Nc3 g6 4. f4 Bg7 5. Nf3 c5 6. Bb5+ Bd7 7. e5 Ng4 8. e6 Bxb5 9. exf7+ Kd7 10. Nxb5 Qa5+ 11. Nc3 cxd4 12. Nxd4 Bxd4 13. Qxd4 Nc6 14. Qd1 h5 15. h3 Nh6 16. Be3 Raf8 17. Qd2 Nf5 18. Bf2 h4 19. 0-0-0 Rxf7 20. Rhe1 Kc8 21. Re4 Kb8 22. Ra4 Qd8 23. Qd5 Rff8 24. Nb5 a6 25. Rxa6 bxa6 26. Qxc6 axb5 27. Rd5 Qc7 28. Qa6 Qb7 29. Rxb5 Qxb5 30. Qxb5+ Kc8 31. Qc6+ Kb8 32. Bb6 Rc8 33. Qd7 1-0

[Event "UKR-ch sf"]
[Site "Alushta"]
[Date "2005.05.21"]
[Round "6"]
[White "Matjushin, Oleg"]
[Black "Rudak, Vladimir"]
[Result "0-1"]
[WhiteElo "2189"]
[BlackElo "2366"]
[PlyCount "78"]
[EventDate "2005.05.16"]
[EventType "swiss"]
[EventRounds "9"]
[EventCountry "UKR"]
[SourceTitle "CBM 106 Extra"]
[Source "ChessBase"]
[SourceDate "2005.07.01"]
[SourceVersion "1"]
[SourceVersionDate "2005.07.01"]
[SourceQuality "1"]

1. d4 d5 2. Nf3 Nf6 3. c4 c6 4. e3 e6 5. Nbd2 Nbd7 6. Bd3 Bd6 7. 0-0 0-0 8. b3 e5 9. dxe5 Nxe5 10. Nxe5 Bxe5 11. Rb1 Bg4 12. Qc2 Re8 13. h3 Bh5 14. Bb2 Qe7 15. Rfc1 Rad8 16. cxd5 Nxd5 17. Bxe5 Qxe5 18. Nc4 Qg5 19. Bxh7+ Kh8 20. Qf5 Qh6 21. g4 Nf6 22. gxh5 Rd5 23. Qf4 Rg5+ 24. Kf1 Kxh7 25. Nd6 Nd5 26. Nxf7 Nxf4 27. Nxh6 Nxh3 28. Nf7 Rf5 29. Kg2 Rxf2+ 30. Kxh3 Rxe3+ 31. Kg4 Rxf7 32. Re1 Ref3 33. Re4 Rf2 34. Ra4 Rg2+ 35. Kh3 Rg5 36. Rxa7 Rxh5+ 37. Kg3 Rg5+ 38. Kh3 Rf3+ 39. Kh2 Rf6 0-1

[Event "UKR-ch sf"]
[Site "Alushta"]
[Date "2005.05.17"]
[Round "2"]
[White "Nazarevskiy, Sergey"]
[Black "Rudak, Vladimir"]
[Result "0-1"]
[WhiteElo "2146"]
[BlackElo "2366"]
[PlyCount "72"]
[EventDate "2005.05.16"]
[EventType "swiss"]
[EventRounds "9"]
[EventCountry "UKR"]
[SourceTitle "CBM 106 Extra"]
[Source "ChessBase"]
[SourceDate "2005.07.01"]
[SourceVersion "1"]
[SourceVersionDate "2005.07.01"]
[SourceQuality "1"]

1. e4 e5 2. Nf3 Nc6 3. Bb5 a6 4. Ba4 Nf6 5. 0-0 b5 6. Bb3 Bc5 7. Nxe5 Nxe5 8. d4 Bxd4 9. Qxd4 d6 10. f4 c5 11. Qc3 Nc6 12. e5 Ne4 13. Qe3 d5 14. c4 bxc4 15. Bxc4 dxc4 16. Qxe4 Qd4+ 17. Qxd4 cxd4 18. Nd2 Be6 19. Ne4 0-0 20. a4 Bd5 21. Ng5 Rab8 22. Ra3 d3 23. Nf3 Bxf3 24. Rxf3 Nd4 25. Rf1 Ne2+ 26. Kf2 Nxc1 27. Rxc1 Rxb2+ 28. Kf3 d2 29. Rd1 Rd8 30. Ke2 Rc2 31. Re3 c3 32. f5 Rc1 33. e6 fxe6 34. fxe6 Rxd1 35. e7 Re1+ 36. Kf2 Re8 0-1

[Event "UKR-ch sf"]
[Site "Alushta"]
[Date "2004.05.07"]
[Round "4"]
[White "Gerasimenyk, Mihail"]
[Black "Rudak, Vladimir"]
[Result "0-1"]
[WhiteElo "2270"]
[BlackElo "2376"]
[PlyCount "84"]
[EventDate "2004.05.04"]
[EventType "swiss"]
[EventRounds "9"]
[EventCountry "UKR"]
[SourceTitle "EXT 2005"]
[Source "ChessBase"]
[SourceDate "2004.11.15"]
[SourceVersion "1"]
[SourceVersionDate "2004.11.15"]
[SourceQuality "1"]

1. d4 d5 2. Nf3 Nf6 3. Bf4 e6 4. e3 c5 5. c3 Nc6 6. Bd3 Be7 7. Nbd2 0-0 8. Rc1 Nh5 9. Bg3 f5 10. Ne5 Nf6 11. 0-0 Bd7 12. Ndf3 Qb6 13. b3 Be8 14. Nxc6 bxc6 15. Ne5 a5 16. Qc2 Nd7 17. Nxd7 Bxd7 18. Be5 a4 19. dxc5 Bxc5 20. b4 Bxe3 21. Rce1 Bg5 22. a3 c5 23. Kh1 Bf6 24. Qe2 Rac8 25. Ba6 Rce8 26. Bd3 Bxe5 27. Qxe5 Bb5 28. Re3 f4 29. Qh5 Bxd3 30. Rxd3 g6 31. Qe5 Rf5 32. Qe2 Qb5 33. Re1 cxb4 34. cxb4 e5 35. Qc2 e4 36. Rc3 d4 37. Rc7 d3 38. Qc3 Rfe5 39. h3 Qd5 40. Rd1 Qb3 41. Qxb3+ axb3 42. Rc3 Rd5 0-1

[Event "UKR-ch sf"]
[Site "Alushta"]
[Date "2004.05.04"]
[Round "1"]
[White "Rudak, Vladimir"]
[Black "Kharchenko, Boris"]
[Result "0-1"]
[WhiteElo "2376"]
[BlackElo "2147"]
[PlyCount "98"]
[EventDate "2004.05.04"]
[EventType "swiss"]
[EventRounds "9"]
[EventCountry "UKR"]
[SourceTitle "EXT 2005"]
[Source "ChessBase"]
[SourceDate "2004.11.15"]
[SourceVersion "1"]
[SourceVersionDate "2004.11.15"]
[SourceQuality "1"]

1. e4 e5 2. Nf3 Nc6 3. Bc4 Nf6 4. d4 exd4 5. e5 d5 6. Bb5 Ne4 7. Nxd4 Bd7 8. Bxc6 Bxc6 9. 0-0 Bc5 10. Nxc6 bxc6 11. Qg4 Qd7 12. Qe2 0-0 13. Be3 Bb6 14. f3 Ng5 15. Nd2 Qf5 16. Bxb6 axb6 17. f4 Ne6 18. Nb3 Nxf4 19. Qe3 Ra4 20. g3 Nh3+ 21. Kg2 Qg4 22. Nd2 Ng5 23. b3 Qh3+ 24. Kg1 Rg4 25. Rae1 Ne4 26. Rf3 Nxd2 27. Qxd2 Rg6 28. a4 h5 29. a5 bxa5 30. Qxa5 h4 31. Ree3 hxg3 32. Rxg3 Qh5 33. Qe1 Re8 34. b4 Rge6 35. Rh3 Qg5+ 36. Rhg3 Qf5 37. c4 Rxe5 38. Rxe5 Rxe5 39. Qd2 Qb1+ 40. Kg2 Rf5 41. Rf3 Rxf3 42. Kxf3 Qf1+ 43. Kg3 Qxc4 44. Qg5 Qd3+ 45. Kf2 Qc2+ 46. Kf1 Qxh2 47. Qd8+ Kh7 48. Qd7 Qf4+ 49. Ke2 g6 0-1

[Event "UKR-ch"]
[Site "Simferopol"]
[Date "2003.11.12"]
[Round "9"]
[White "Krivoshey, Sergei"]
[Black "Rudak, Vladimir"]
[Result "1-0"]
[WhiteElo "2495"]
[BlackElo "2316"]
[PlyCount "79"]
[EventDate "2003.11.04"]
[EventType "swiss"]
[EventRounds "9"]
[EventCountry "UKR"]
[SourceTitle "CBM 097 Extra"]
[Source "ChessBase"]
[SourceDate "2004.01.13"]
[SourceVersion "1"]
[SourceVersionDate "2004.01.13"]
[SourceQuality "1"]

1. d4 d5 2. c4 c6 3. Nf3 Nf6 4. e3 e6 5. Bd3 dxc4 6. Bxc4 b5 7. Bd3 Nbd7 8. 0-0 Bb7 9. e4 Be7 10. Nbd2 a6 11. a4 Nc5 12. Bc2 Nxa4 13. e5 Nd7 14. Ne4 c5 15. Nd6+ Bxd6 16. exd6 Qf6 17. Ra3 cxd4 18. Nxd4 Nab6 19. Re1 Nc4 20. Rg3 h6 21. Nxe6 fxe6 22. Rg6 Qf8 23. Rgxe6+ Kd8 24. Qd4 Rc8 25. Bg6 Nce5 26. R6xe5 Rxc1 27. Rxc1 Qf6 28. Qc3 Qxd6 29. Ree1 Rf8 30. Be4 b4 31. Qc2 Qb6 32. Bxb7 Qxb7 33. Qe2 Nf6 34. Qe6 Rf7 35. Rcd1+ Rd7 36. Qe7+ Kc8 37. Qf8+ Kc7 38. Rxd7+ Nxd7 39. Qxg7 Qd5 40. Qxh6 1-0

[Event "UKR Universiad B1 6th"]
[Site "Evpatoria"]
[Date "2003.05.13"]
[Round "1"]
[White "Moiseenko, Alexander"]
[Black "Rudak, Vladimir"]
[Result "1-0"]
[WhiteElo "2575"]
[BlackElo "2316"]
[PlyCount "106"]
[EventDate "2003.05.13"]
[EventType "swiss"]
[EventRounds "9"]
[EventCountry "UKR"]
[SourceTitle "EXT 2008"]
[Source "ChessBase"]
[SourceDate "2007.11.25"]
[SourceVersion "1"]
[SourceVersionDate "2007.11.25"]
[SourceQuality "1"]

1. d4 d5 2. c4 c6 3. Nf3 Nf6 4. Nc3 e6 5. e3 Nbd7 6. Bd3 dxc4 7. Bxc4 b5 8. Bd3 b4 9. Ne4 Bb7 10. 0-0 Be7 11. Nxf6+ Nxf6 12. e4 0-0 13. e5 Nd7 14. Qc2 h6 15. Bh7+ Kh8 16. Be4 Rb8 17. Rd1 c5 18. d5 exd5 19. Bxd5 Bxd5 20. Rxd5 Qc7 21. Bf4 Nb6 22. Rdd1 Rbd8 23. Re1 c4 24. Re4 Rd5 25. e6 Bd6 26. Bxd6 Qxd6 27. e7 Re8 28. Rae1 Kg8 29. h3 Qg6 30. Qe2 Qf6 31. b3 cxb3 32. axb3 Qc3 33. Qa6 Rd7 34. Qb5 Qxb3 35. Rd4 Rdxe7 36. Rxe7 Qb1+ 37. Re1 Rxe1+ 38. Nxe1 Qxe1+ 39. Kh2 Qxf2 40. Qxb4 Qf5 41. Qd6 g5 42. Qb8+ Kg7 43. Rd8 Nd5 44. Rg8+ Kf6 45. Rh8 Qf4+ 46. Qxf4+ Nxf4 47. Ra8 Kg7 48. Rxa7 Ne6 49. Kg3 Kf6 50. Kf3 Kg6 51. g3 Kf6 52. Ke4 Nc5+ 53. Kd5 Ne6 1-0

[Event "UKR-ch"]
[Site "Alushta"]
[Date "2002.05.06"]
[Round "4"]
[White "Rudak, Vladimir"]
[Black "Averjanov, Alexey"]
[Result "1-0"]
[WhiteElo "2298"]
[BlackElo "2376"]
[PlyCount "212"]
[EventDate "2002.05.02"]
[EventType "swiss"]
[EventRounds "9"]
[EventCountry "UKR"]
[SourceTitle "EXT 2003"]
[Source "ChessBase"]
[SourceDate "2002.11.25"]
[SourceVersion "1"]
[SourceVersionDate "2002.11.25"]
[SourceQuality "1"]

1. e4 c5 2. Nf3 d6 3. d4 cxd4 4. Nxd4 Nf6 5. Nc3 a6 6. Bc4 e6 7. Bb3 b5 8. 0-0 Be7 9. Qf3 Qc7 10. Qg3 0-0 11. Bh6 Ne8 12. Rad1 Nc6 13. Nxc6 Qxc6 14. Rd3 Bb7 15. f3 Kh8 16. Bg5 Bxg5 17. Qxg5 Qc5+ 18. Qe3 Nf6 19. Rfd1 Qxe3+ 20. Rxe3 b4 21. Na4 d5 22. exd5 Bxd5 23. Nb6 Bxb3 24. Nxa8 Bxc2 25. Rc1 Nd5 26. Ree1 Bg6 27. Nc7 Nf4 28. Rc6 Nd3 29. Re2 Rd8 30. Rxa6 h5 31. Ra8 Rxa8 32. Nxa8 Nc1 33. Re5 Nxa2 34. Rb5 Kh7 35. Nc7 h4 36. b3 Bc2 37. Na6 Bxb3 38. Nxb4 Kh6 39. Nxa2 Bxa2 40. Rb4 g5 41. f4 f6 42. Kf2 Bd5 43. Rd4 Kg6 44. fxg5 fxg5 45. Rb4 Kf5 46. Rb8 Kf6 47. Rg8 Be4 48. g3 hxg3+ 49. Kxg3 Bf5 50. Kf3 Bh7 51. Rf8+ Kg7 52. Ra8 Bf5 53. Ke3 Kg6 54. Kd4 Kg7 55. Ke5 Kf7 56. Ra1 g4 57. Ra7+ Kg6 58. Rb7 Kg5 59. Rg7+ Kh4 60. Rg8 Kh3 61. Rh8+ Kg2 62. Kf4 Kf2 63. Rh5 Kg2 64. Rh4 Kf2 65. Rh6 Kg2 66. Rh5 Kf2 67. Rg5 Ke2 68. Rg8 Kf2 69. Rg7 Ke2 70. Ra7 Kd3 71. Ra4 Ke2 72. Ra3 Kf1 73. Ra2 Kg1 74. Kg3 Kf1 75. Rf2+ Ke1 76. Ra2 Kf1 77. Ra1+ Ke2 78. Rg1 Kd2 79. Kf4 Ke2 80. Rg2+ Kd3 81. Rf2 Kd4 82. Rd2+ Bd3 83. Kxg4 e5 84. Ra2 e4 85. Kf4 e3 86. Ra4+ Bc4 87. Kf3 e2 88. Kf2 Kd5 89. Ke1 Bd3 90. Rf4 Ke5 91. Rf8 Bf5 92. Kxe2 Kf4 93. Rg8 Ke5 94. Kf3 Kf6 95. Kf4 Bg6 96. h4 Kf7 97. Ra8 Kg7 98. Kg5 Bc2 99. Re8 Bh7 100. h5 Kf7 101. Ra8 Kg7 102. h6+ Kf7 103. Rh8 Be4 104. Rb8 Bh7 105. Rb7+ Kg8 106. Kf6 Kh8 1-0

[Event "UKR-ch"]
[Site "Alushta"]
[Date "2002.05.04"]
[Round "2"]
[White "Kuchin, Pavel"]
[Black "Rudak, Vladimir"]
[Result "1/2-1/2"]
[WhiteElo "2085"]
[BlackElo "2298"]
[PlyCount "53"]
[EventDate "2002.05.02"]
[EventType "swiss"]
[EventRounds "9"]
[EventCountry "UKR"]
[SourceTitle "EXT 2003"]
[Source "ChessBase"]
[SourceDate "2002.11.25"]
[SourceVersion "1"]
[SourceVersionDate "2002.11.25"]
[SourceQuality "1"]

1. d4 d5 2. c4 c6 3. Nf3 Nf6 4. Qc2 e6 5. g3 Nbd7 6. Bg2 Be7 7. 0-0 0-0 8. Bg5 b5 9. b3 bxc4 10. bxc4 c5 11. Nbd2 Ba6 12. Ne5 h6 13. Nc6 Qe8 14. Nxe7+ Qxe7 15. Bxf6 Nxf6 16. Qa4 Bb7 17. dxc5 Qxc5 18. Rac1 Bc6 19. Qa6 Qb6 20. Qa3 d4 21. Bxc6 Qxc6 22. Nf3 Rfd8 23. Rfd1 Qe4 24. Qd3 Qg4 25. Ne5 Qh5 26. f4 Rac8 27. Kg2 1/2-1/2